000 01097nam0a2200325 4500
001 RU\NLR\bibl\1008150
005 20250614230627.0
010 _a5-94982-019-3
_91000
021 _aRU
_b2006-61942
_93088
035 _a(NLR Aleph) 000995799
090 _a547437
_c547438
100 _a20061115d2006 |||y0rusy50 ca
101 0 _arus
102 _aRU
105 _aa |||||||||
200 1 _aИстория Норвегии
_fА.Е. Кузнецов
210 _aМосква
_cТ.М. Андреева
_d2006
215 _a535,[1] с.
_cил.
_d25
225 1 _aНорвегия
320 _aБиблиогр.: с. 497-502, в примеч. в конце гл. и в подстроч. примеч.
320 _aУказ. имен: с. 513-529
607 _aНорвегия
_xИстория
_9912255
_3RU\NLR\auth\6613697
686 _aТ3(4Нр)0,02
700 1 _aКузнецов
_bА. Е.
_gАнатолий Ефимович
_4070
801 0 _aRU
_bNLR
_c20061115
_grcr
801 1 _aRU
_bNLR
_c20061115
830 _aАвт. по кн.
942 _cBOOK
980 _aNB